000 00624cam a22001931 4500
001 ne 67000497
003 DLC
005 20260227111830.0
008 830523s1964 ua 100 0 eng
010 _ane 67000497
035 _a(OCoLC)16762445
040 _aDLC
_cOrPS
_dDLC
042 _apremarc
050 0 0 _aD839.2
_b.C65 1964c
111 2 _aConference of Heads of State or Government of Non-aligned Countries
_n(2nd :
_d1964 :
_cCairo, Egypt)
245 0 0 _aSynopsis of the second Conference of Non-aligned Countries, October 5-10, 1964.
260 _aCairo,
_bInformation Dept.
_c[1964]
300 _axi, 86 p.
_c24 cm.
999 _c49459
_d49459